| 000 -ლიდერი |
| ფიქსირებული სიგრძის საკონტროლო ველი |
01634nam a2200313Ia 4500 |
| 001 - საკონტროლო ნომერი |
| საკონტროლო ველი |
21956 |
| 003 - საკონტროლო ნომრის იდენტიფიკატორი |
| საკონტროლო ველი |
GE_BSU |
| 005 - ბოლო ოპერაციის თარიღი და დრო |
| საკონტროლო ველი |
20220912133522.0 |
| 008 - ფიქსირებული სიგრძის მონაცემთა ელემენტები - ზოგადი ინფორმაცია |
| ფიქსირებული სიგრძის საკონტროლო ველი |
181216s ||||ge |||||||||||||| ||geo|| |
| 020 ## - წიგნის საერთაშორისო სტანდარტული ნომერი |
| International Standard Book Number |
9994031007 |
| 040 ## - კატალოგიზაციის წყარო |
| Transcribing agency |
GE_BSU |
| 041 ## - ენის კოდი |
| Language code of text/sound track or separate title |
geo |
| 080 ## - უნივერსალური ათობითი კლასიფიკაციის ინდექსი |
| Universal Decimal Classification number |
821.124+821.14'01 გ-70 |
| 100 ## - მთავარი ჩანაწერი - პიროვნების სახელი |
| Personal name |
გორდეზიანი, რისმაგ |
| 9 (RLIN) |
3462 |
| 245 ## - ცნობა სათაურის შესახებ |
| Title |
კლასიკური ფილოლოგიის შესავალი / |
| Statement of responsibility, etc |
რისმაგ გორდეზიანი, მაია დანელია ; რედ. მაგდა მჭედლიძე. |
| 264 ## - წარმოების, გამოცემის, დისტრიბუციის და სხვა ცნობები |
| გამოცემის, წარმოების, დისტრიბუციის... ადგილი |
თბილისი : |
| გამოცემის, წარმოების, დისტრიბუციის... სახელწოდება |
ლოგოსი, |
| გამოცემის, წარმოების, დისტრიბუციის... თარიღი |
2004. |
| 300 ## - ფიზიკური აღწერა |
| Extent |
331 გვ. ; |
| Dimensions |
26 სმ. |
| 490 ## - სერიის ცნობა |
| Series statement |
პროგრამა "ლოგოსი". პუბლ. და ღონისძ. კლასიკ. ფილოლ., ბიზანტ. და ნეოგრეც. სფეროში |
| 501 ## - შენიშვნა თანმხლებ მასალაზე |
| With note |
საკუთარ სახელთა საძიებელი გვ. : 322-331 |
| 504 ## - BIBLIOGRAPHY, ETC. NOTE |
| Bibliography, etc |
ბიბლიოგრაფია გვ. : 319-321 |
| 653 ## - INDEX TERM--UNCONTROLLED |
| Uncontrolled term |
ისტორია და კიტიკა |
| 653 ## - INDEX TERM--UNCONTROLLED |
| Uncontrolled term |
ანტიკური ლიტერატურა |
| 653 ## - INDEX TERM--UNCONTROLLED |
| Uncontrolled term |
კლასიკური ფილოლოგია |
| 653 ## - INDEX TERM--UNCONTROLLED |
| Uncontrolled term |
კლასიკური ფილოლოგიის შესავალი |
| 700 ## - ADDED ENTRY--PERSONAL NAME |
| Personal name |
დანელია, მაია |
| Relator term |
ავტორი |
| 9 (RLIN) |
14583 |
| 700 ## - ADDED ENTRY--PERSONAL NAME |
| Personal name |
მჭედლიძე, მაგდა |
| Relator term |
რედაქტორი |
| 9 (RLIN) |
14037 |
| 942 ## - ADDED ENTRY ELEMENTS (KOHA) |
| Koha item type |
წიგნი |
| Source of classification or shelving scheme |
|